Asociácia obchodníkov s cennými papiermi

Vznik Asociácie obchodníkov s cennými papiermi 24.11.1994 na ustanovujúcom generálnom zhromaždení a jej zápis do registra záujmových združení právnických osôb. Postavenie, úlohy a aktivity asociácie.

Salvato in:
Dettagli Bibliografici
Autore principale: Kopál, Róbert
Natura: Capitolo di libro
Lingua:slovacco
Soggetti:
Tags: Aggiungi Tag
Nessun Tag, puoi essere il primo ad aggiungerne!!

MARC

LEADER 00000naa a2200000 4500
001 r036121
005 20041019155606.7
041 0 |a slo 
044 |a SK 
245 1 0 |a Asociácia obchodníkov s cennými papiermi  |c Róbert Kopál 
520 |a Vznik Asociácie obchodníkov s cennými papiermi 24.11.1994 na ustanovujúcom generálnom zhromaždení a jej zápis do registra záujmových združení právnických osôb. Postavenie, úlohy a aktivity asociácie. 
610 2 0 |a obchodníci 
610 2 0 |a papiere cenné 
610 2 0 |a združenia 
610 2 0 |a Asociácia obchodníkov s cennými papiermi 
610 2 0 |a Slovensko 
100 1 |a Kopál, Róbert